[Event "World Women-ch k.o."]
[Site "Antakya"]
[Date "2010.12.12"]
[Round "3.4"]
[White "Ruan, Lufei"]
[Black "Kosteniuk, Alexandra"]
[Result "1/2-1/2"]
[WhiteElo "2480"]
[BlackElo "2507"]
[PlyCount "134"]
[EventDate "2010.12.04"]
[EventType "k.o."]
[EventRounds "6"]
[EventCountry "TUR"]
[SourceTitle "CBM 139 Extra"]
[Source "ChessBase"]
[SourceDate "2011.01.05"]
[SourceVersion "1"]
[SourceVersionDate "2011.01.05"]
[SourceQuality "1"]

1. e4 c5 2. Nf3 Nc6 3. Nc3 d6 4. d4 cxd4 5. Nxd4 Nf6 6. Bg5 e6 7. Qd2 a6 8.
O-O-O Bd7 9. f4 b5 10. Bxf6 gxf6 11. Kb1 Qb6 12. Nxc6 Bxc6 13. Qe1 Be7 14. Bd3
b4 15. Ne2 a5 16. f5 e5 17. Ng3 a4 18. Bc4 Ra5 19. Bd5 Bxd5 20. Rxd5 Rxd5 21.
exd5 Rg8 22. Qe2 a3 23. Rd1 axb2 24. Ne4 Kd7 25. g4 h6 26. h3 Ra8 27. Qc4 Qa5
28. Qb3 Bd8 29. Nd2 Qb5 30. Qc4 Qb6 31. Ne4 Rc8 32. Qd3 Qa5 33. Qb3 Ke7 34. h4
Bb6 35. g5 hxg5 36. hxg5 fxg5 37. f6+ Kd7 38. Qh3+ Kc7 39. Qh7 Ra8 40. Qxf7+
Kb8 41. Qf8+ Bd8 42. Qxd6+ Bc7 43. Qf8+ Kb7 44. Nc5+ Ka7 45. Qe7 Kb6 46. Qe6+
Ka7 47. Qc6 Qb6 48. Qa4+ Qa5 49. Qc6 Rb8 50. d6 Bd8 51. Qd7+ Kb6 52. Na4+ Ka6
53. Nxb2 Bxf6 54. Nc4 Qb5 55. Qxb5+ Kxb5 56. Nxe5 Bxe5 57. Rd5+ Kc6 58. Rxe5
Rg8 59. Re4 Kxd6 60. Rg4 Ke5 61. Kb2 Kf5 62. Rg1 g4 63. c3 bxc3+ 64. Kxc3 Kf4
65. a4 Rb8 66. Kc4 g3 67. a5 Kf3 1/2-1/2

[Event "North American op 20th"]
[Site "Las Vegas"]
[Date "2010.12.28"]
[Round "4"]
[White "Kosteniuk, Alexandra"]
[Black "Kacheishvili, Giorgi"]
[Result "0-1"]
[WhiteElo "2507"]
[BlackElo "2575"]
[PlyCount "74"]
[EventDate "2010.12.26"]
[EventType "swiss"]
[EventRounds "7"]
[EventCountry "USA"]
[SourceTitle "CBM 140 Extra"]
[Source "ChessBase"]
[SourceDate "2011.03.01"]
[SourceVersion "1"]
[SourceVersionDate "2011.03.01"]
[SourceQuality "1"]

1. e4 c6 2. d4 d5 3. e5 Bf5 4. Nf3 e6 5. Be2 c5 6. Be3 Qb6 7. c4 Qxb2 8. O-O
Ne7 9. Nbd2 Nbc6 10. Nb3 dxc4 11. Bxc4 Rd8 12. Nxc5 Nd5 13. Nd3 Qa3 14. Rc1 Be7
15. Qd2 O-O 16. h3 Be4 17. Bb3 Bxf3 18. gxf3 Nb6 19. Qc3 Rd7 20. Nf4 Rfd8 21.
Rcd1 Nxe5 22. Bc1 Qb4 23. Qxb4 Nxf3+ 24. Kg2 Nh4+ 25. Kg3 Nf5+ 26. Kg4 Nh6+ 27.
Kh5 Bxb4 28. Nxe6 fxe6 29. Bxh6 Rxd4 30. Bxe6+ Kh8 31. Rxd4 Rxd4 32. Rg1 Bf8
33. f4 Nd5 34. Bg5 h6 35. Kg6 hxg5 36. Rxg5 Nxf4+ 37. Kf7 Rd6 0-1

[Event "North American op 20th"]
[Site "Las Vegas"]
[Date "2010.12.29"]
[Round "6"]
[White "Kosteniuk, Alexandra"]
[Black "Yanayt, Eugene"]
[Result "1-0"]
[WhiteElo "2507"]
[BlackElo "2212"]
[PlyCount "47"]
[EventDate "2010.12.26"]
[EventType "swiss"]
[EventRounds "7"]
[EventCountry "USA"]
[SourceTitle "CBM 140 Extra"]
[Source "ChessBase"]
[SourceDate "2011.03.01"]
[SourceVersion "1"]
[SourceVersionDate "2011.03.01"]
[SourceQuality "1"]

1. e4 c5 2. Nf3 d6 3. d4 cxd4 4. Nxd4 Nf6 5. Nc3 a6 6. Bg5 e6 7. f4 Be7 8. Qf3
Qc7 9. O-O-O Nbd7 10. g4 h6 11. Bxf6 Bxf6 12. h4 Qb6 13. Nb3 Nc5 14. Nd2 Qc7
15. g5 Be7 16. f5 hxg5 17. hxg5 Rxh1 18. Qxh1 exf5 19. Qh8+ Bf8 20. Nc4 Nxe4
21. Nxe4 fxe4 22. Nxd6+ Ke7 23. g6 f6 24. Qg8 1-0

[Event "Moscow Young GM (Women)"]
[Site "Moscow"]
[Date "2011.01.29"]
[Round "1"]
[White "Kosteniuk, Alexandra"]
[Black "Ambarcumova, Karina"]
[Result "1-0"]
[WhiteElo "2498"]
[BlackElo "2332"]
[PlyCount "57"]
[EventDate "2011.01.29"]
[EventType "tourn"]
[EventRounds "9"]
[EventCountry "RUS"]
[EventCategory "7"]
[SourceTitle "CBM 140 Extra"]
[Source "ChessBase"]
[SourceDate "2011.03.01"]
[SourceVersion "1"]
[SourceVersionDate "2011.03.01"]
[SourceQuality "1"]

1. e4 e5 2. Nf3 Nc6 3. Bb5 Nf6 4. O-O Nxe4 5. d4 Nd6 6. Bxc6 dxc6 7. dxe5 Nf5
8. Qxd8+ Kxd8 9. Nc3 Be6 10. Ng5 Ke7 11. Rd1 h6 12. Nxe6 Kxe6 13. g4 Nh4 14. f4
h5 15. h3 hxg4 16. hxg4 f6 17. f5+ Kxe5 18. Kf2 g6 19. Re1+ Kd6 20. Bf4+ Kd7
21. Rad1+ Bd6 22. Ne4 Rad8 23. Nxd6 cxd6 24. Bxd6 Kc8 25. Be7 Rxd1 26. Rxd1
gxf5 27. Bxf6 Rh6 28. g5 Rh5 29. Rh1 1-0

[Event "Moscow Young GM (Women)"]
[Site "Moscow"]
[Date "2011.01.30"]
[Round "2"]
[White "Kashlinskaya, Alina"]
[Black "Kosteniuk, Alexandra"]
[Result "1-0"]
[WhiteElo "2327"]
[BlackElo "2498"]
[PlyCount "95"]
[EventDate "2011.01.29"]
[EventType "tourn"]
[EventRounds "9"]
[EventCountry "RUS"]
[EventCategory "7"]
[SourceTitle "CBM 140 Extra"]
[Source "ChessBase"]
[SourceDate "2011.03.01"]
[SourceVersion "1"]
[SourceVersionDate "2011.03.01"]
[SourceQuality "1"]

1. d4 Nf6 2. c4 e6 3. Nc3 Bb4 4. e3 O-O 5. Bd3 c5 6. Nf3 d5 7. O-O Nc6 8. a3
Bxc3 9. bxc3 Qc7 10. a4 dxc4 11. Bxc4 b6 12. Bd3 e5 13. Qc2 exd4 14. exd4 h6
15. Ba3 Ne7 16. Rfe1 Bb7 17. Ne5 Ned5 18. Qd2 Rfe8 19. Bb2 Rad8 20. Rac1 Qd6
21. Bb1 Nc7 22. Rcd1 Ne6 23. f3 Qc7 24. Qf2 Nf4 25. Qh4 Ne6 26. Kh1 cxd4 27.
cxd4 Bd5 28. Bc1 Nxd4 29. Bf4 Bb3 30. Rc1 Qb7 31. Bxh6 Rd5 32. Bxg7 Kxg7 33.
Qg5+ Kf8 34. Qxf6 Re6 35. Ng6+ Ke8 36. Rxe6+ Nxe6 37. Be4 Nc5 38. Bxd5 Bxd5 39.
Ne5 Qe7 40. Qh8+ Qf8 41. Qh5 Be6 42. Rd1 Bb3 43. Rd4 Ne6 44. Rd7 Nd8 45. Qg5 f6
46. Qg6+ Nf7 47. Rxa7 Bd5 48. Nxf7 1-0

[Event "Moscow Young GM (Women)"]
[Site "Moscow"]
[Date "2011.02.01"]
[Round "4"]
[White "Girya, Olga"]
[Black "Kosteniuk, Alexandra"]
[Result "1/2-1/2"]
[WhiteElo "2429"]
[BlackElo "2498"]
[PlyCount "106"]
[EventDate "2011.01.29"]
[EventType "tourn"]
[EventRounds "9"]
[EventCountry "RUS"]
[EventCategory "7"]
[SourceTitle "CBM 140 Extra"]
[Source "ChessBase"]
[SourceDate "2011.03.01"]
[SourceVersion "1"]
[SourceVersionDate "2011.03.01"]
[SourceQuality "1"]

1. d4 Nf6 2. Nf3 e6 3. c4 b6 4. g3 Bb4+ 5. Bd2 Bxd2+ 6. Qxd2 Ba6 7. b3 c6 8.
Bg2 d5 9. O-O Nbd7 10. Rc1 O-O 11. a4 Qe7 12. Na3 Rac8 13. Qb2 Rfd8 14. Rc2 Ne4
15. Rac1 Qf6 16. b4 c5 17. dxc5 Qxb2 18. Rxb2 bxc5 19. b5 Bb7 20. Nd2 f5 21.
Nxe4 fxe4 22. Bh3 Kf7 23. cxd5 exd5 24. Rbc2 c4 25. Bxd7 Rxd7 26. e3 Rc5 27.
Rd1 Ke6 28. Nb1 Ke5 29. Rd4 Rd8 30. Nc3 Ra8 31. Rb2 a6 32. bxa6 Bxa6 33. Rb6
Bc8 34. f4+ exf3 35. Kf2 Ra6 36. Rxa6 Bxa6 37. Kxf3 Bb7 38. Ke2 Bc6 39. Rh4 h6
40. Rh5+ Kd6 41. g4 Be8 42. Rf5 Bd7 43. Rf7 g5 44. Rf6+ Ke5 45. Rxh6 Bxg4+ 46.
Kd2 Bd7 47. Rh5 Kf6 48. h4 gxh4 49. Rxh4 Ra5 50. Rh5 Be6 51. e4 Kg6 52. Re5 Kf6
53. Rh5 Kg6 1/2-1/2

[Event "Moscow Young GM (Women)"]
[Site "Moscow"]
[Date "2011.02.02"]
[Round "5"]
[White "Kosteniuk, Alexandra"]
[Black "Zhao, Xue"]
[Result "1-0"]
[WhiteElo "2498"]
[BlackElo "2496"]
[PlyCount "139"]
[EventDate "2011.01.29"]
[EventType "tourn"]
[EventRounds "9"]
[EventCountry "RUS"]
[EventCategory "7"]
[SourceTitle "CBM 140 Extra"]
[Source "ChessBase"]
[SourceDate "2011.03.01"]
[SourceVersion "1"]
[SourceVersionDate "2011.03.01"]
[SourceQuality "1"]

1. e4 e5 2. Nf3 Nc6 3. Bb5 a6 4. Ba4 Nf6 5. O-O Be7 6. Re1 b5 7. Bb3 d6 8. c3
O-O 9. h3 Nb8 10. d4 Nbd7 11. Nbd2 Bb7 12. Bc2 Re8 13. Nf1 Bf8 14. Ng3 g6 15.
a4 c6 16. Bg5 Qc7 17. Qd2 Bg7 18. Bh6 Nf8 19. b4 Ne6 20. Bb3 Nd7 21. Rad1 bxa4
22. Bxa4 a5 23. bxa5 Rxa5 24. Bb3 Ndf8 25. Bxg7 Kxg7 26. Nf1 Raa8 27. Ne3 h5
28. Nc4 exd4 29. cxd4 d5 30. exd5 cxd5 31. Ne3 Qa5 32. Qb2 Nf4 33. g3 N4e6 34.
Ra1 Qb6 35. Rab1 Qd6 36. Qd2 Nh7 37. Ba2 Reb8 38. Rxb7 Rxb7 39. Bxd5 Nd8 40.
Bxb7 Nxb7 41. Qb2 Ra7 42. Nh4 Qd7 43. d5+ Kg8 44. Nc4 Nf8 45. Qe5 Nc5 46. Qd4
Nb3 47. Qe3 Rb7 48. d6 Qxh3 49. Qf3 Nc5 50. Na5 Rb6 51. Nc6 Ncd7 52. Ne7+ Kg7
53. Qc3+ Nf6 54. Nc8 Rb8 55. Ne7 Rd8 56. Qe5 Qe6 57. Qa5 Qd7 58. Qg5 N8h7 59.
Qe5 Kh8 60. Rd1 Qg4 61. Rd4 Qg5 62. Nf3 Qxe5 63. Nxe5 Kg7 64. N7c6 Rf8 65. d7
Nxd7 66. Rxd7 Nf6 67. Ra7 Ng8 68. Nd4 Re8 69. Rxf7+ Kh6 70. f4 1-0

[Event "Moscow Young GM (Women)"]
[Site "Moscow"]
[Date "2011.02.03"]
[Round "6"]
[White "Kosteniuk, Alexandra"]
[Black "Gunina, Valentina"]
[Result "1-0"]
[WhiteElo "2498"]
[BlackElo "2471"]
[PlyCount "129"]
[EventDate "2011.01.29"]
[EventType "tourn"]
[EventRounds "9"]
[EventCountry "RUS"]
[EventCategory "7"]
[SourceTitle "CBM 140 Extra"]
[Source "ChessBase"]
[SourceDate "2011.03.01"]
[SourceVersion "1"]
[SourceVersionDate "2011.03.01"]
[SourceQuality "1"]

1. e4 c6 2. d4 d5 3. e5 Bf5 4. Nf3 e6 5. Be2 Nd7 6. O-O Bg6 7. Nbd2 Nh6 8. Nb3
Rc8 9. a4 Be7 10. Bxh6 gxh6 11. Qd2 O-O 12. c3 Kg7 13. Rae1 b5 14. axb5 cxb5
15. Ra1 Qb6 16. Qe3 Rc6 17. Na5 Rc7 18. b4 Rfc8 19. Rfc1 f6 20. Nb3 fxe5 21.
Nxe5 Nxe5 22. Qxe5+ Bf6 23. Qe3 Re7 24. Nc5 e5 25. Qh3 Rce8 26. Nd7 Qc6 27.
Nxf6 Qxf6 28. Bxb5 Rf8 29. Qe3 exd4 30. Qxd4 Qxd4 31. cxd4 Rf4 32. Rd1 Rb7 33.
g3 Rf6 34. Ra5 Bh5 35. Rda1 Rfb6 36. Ba6 Re7 37. Rxd5 Bf3 38. Re5 Rd7 39. Re3
Ba8 40. Bc8 Rc7 41. Be6 Rxb4 42. d5 Rd4 43. Ra5 Re7 44. Kf1 Rd2 45. Ke1 Rd4 46.
Ke2 Kf6 47. h3 Kg7 48. g4 Kf6 49. Kf3 Bb7 50. Kg3 a6 51. Rf3+ Kg7 52. Rb3 Rd1
53. Kf4 Kf6 54. Rb6 Rd4+ 55. Kg3 Kg7 56. h4 Rd2 57. Rc5 Rd4 58. f4 Rd3+ 59. Kf2
h5 60. g5 Kf8 61. f5 Rd2+ 62. Kg3 Rd3+ 63. Kf4 Rd4+ 64. Ke5 Rd1 65. Rxb7 1-0

[Event "Moscow Young GM (Women)"]
[Site "Moscow"]
[Date "2011.02.04"]
[Round "7"]
[White "Galojan, Lilit"]
[Black "Kosteniuk, Alexandra"]
[Result "0-1"]
[WhiteElo "2385"]
[BlackElo "2498"]
[PlyCount "80"]
[EventDate "2011.01.29"]
[EventType "tourn"]
[EventRounds "9"]
[EventCountry "RUS"]
[EventCategory "7"]
[SourceTitle "CBM 140 Extra"]
[Source "ChessBase"]
[SourceDate "2011.03.01"]
[SourceVersion "1"]
[SourceVersionDate "2011.03.01"]
[SourceQuality "1"]

1. d4 Nf6 2. c4 e6 3. Nc3 Bb4 4. e3 O-O 5. a3 Bxc3+ 6. bxc3 c5 7. Bd3 Nc6 8.
Ne2 b6 9. e4 Ne8 10. O-O Ba6 11. f4 f5 12. d5 exd5 13. cxd5 Bxd3 14. Qxd3 fxe4
15. Qxe4 Nd6 16. Qd3 Na5 17. Ng3 c4 18. Qc2 Nb3 19. Rb1 Qe7 20. a4 Nxc1 21.
Qxc1 Rae8 22. Kh1 Qe3 23. Qa3 Rf6 24. a5 b5 25. Rf3 Qd2 26. Qc5 Qa2 27. Qg1 b4
28. cxb4 Qd2 29. Qxa7 c3 30. Qg1 Nb5 31. Rd1 Qb2 32. Rb1 Qa2 33. Nh5 Rf5 34.
Re1 Ref8 35. Ng3 Rxd5 36. f5 c2 37. Rc1 Qb2 38. Rff1 Nd4 39. Rf2 Rc8 40. f6 Nb3
0-1

[Event "Moscow Young GM (Women)"]
[Site "Moscow"]
[Date "2011.02.05"]
[Round "8"]
[White "Kosteniuk, Alexandra"]
[Black "Zawadzka, Jolanta"]
[Result "1-0"]
[WhiteElo "2498"]
[BlackElo "2371"]
[PlyCount "55"]
[EventDate "2011.01.29"]
[EventType "tourn"]
[EventRounds "9"]
[EventCountry "RUS"]
[EventCategory "7"]
[SourceTitle "CBM 140 Extra"]
[Source "ChessBase"]
[SourceDate "2011.03.01"]
[SourceVersion "1"]
[SourceVersionDate "2011.03.01"]
[SourceQuality "1"]

1. e4 c5 2. c3 d5 3. exd5 Qxd5 4. d4 Nc6 5. Nf3 Nf6 6. Be2 Bg4 7. c4 Qd8 8. d5
Bxf3 9. Bxf3 Nd4 10. O-O g6 11. Be3 Nxf3+ 12. Qxf3 Rc8 13. Nc3 Bg7 14. Rfe1 O-O
15. Bg5 Re8 16. Rad1 h6 17. Bh4 Qd7 18. h3 a6 19. Re3 Qd6 20. Qe2 Kh7 21. Re1
Qf4 22. Bg3 Qf5 23. Be5 Rcd8 24. Na4 b5 25. Nb6 Rb8 26. Bxb8 Rxb8 27. Re5 Qf4
28. g3 1-0

[Event "Moscow Young GM (Women)"]
[Site "Moscow"]
[Date "2011.02.06"]
[Round "9"]
[White "Munguntuul, Batkhuyag"]
[Black "Kosteniuk, Alexandra"]
[Result "1/2-1/2"]
[WhiteElo "2410"]
[BlackElo "2498"]
[PlyCount "127"]
[EventDate "2011.01.29"]
[EventType "tourn"]
[EventRounds "9"]
[EventCountry "RUS"]
[EventCategory "7"]
[SourceTitle "CBM 140 Extra"]
[Source "ChessBase"]
[SourceDate "2011.03.01"]
[SourceVersion "1"]
[SourceVersionDate "2011.03.01"]
[SourceQuality "1"]

1. e4 e5 2. Nf3 Nc6 3. Bb5 a6 4. Ba4 Nf6 5. O-O Be7 6. Re1 b5 7. Bb3 O-O 8. h3
Bb7 9. d3 Re8 10. Nc3 h6 11. a3 Bc5 12. Nd5 Nd4 13. Nxd4 Bxd4 14. c3 Bc5 15.
Qf3 Nxd5 16. Bxd5 Bxd5 17. exd5 a5 18. Be3 Bf8 19. Bd2 Ra6 20. Re4 Qa8 21. c4
bxc4 22. dxc4 Bc5 23. Be3 Qa7 24. Re1 Rf6 25. Qg3 Bxe3 26. Qxe3 Qxe3 27. R1xe3
Rb8 28. b3 d6 29. Rc3 g5 30. g3 Rg6 31. c5 Rb5 32. Rec4 dxc5 33. Rxc5 Rgb6 34.
a4 Rxc5 35. Rxc5 Rxb3 36. Rxc7 Rb4 37. d6 Rd4 38. d7 Kg7 39. Ra7 Kf6 40. Kf1
Ke6 41. Rxa5 Kxd7 42. Ra7+ Ke6 43. Ra6+ Ke7 44. g4 Re4 45. a5 Ra4 46. Ra8 Ra2
47. a6 e4 48. a7 Kf6 49. Ke1 Kg7 50. Kd1 Kf6 51. Kc1 Kg7 52. Kb1 Ra6 53. Kb2
Rb6+ 54. Kc3 Rb7 55. Kd4 Re7 56. Kd5 Kf6 57. Rh8 Rxa7 58. Rxh6+ Kg7 59. Rh5 Kg6
60. Kxe4 f5+ 61. Kf3 Ra3+ 62. Kg2 Ra4 63. Kg3 Ra3+ 64. Kg2 1/2-1/2

[Event "RUS-chT (Women) 12th"]
[Site "Olginka"]
[Date "2011.04.19"]
[Round "4"]
[White "Kosteniuk, Alexandra"]
[Black "Iljushina, Olga"]
[Result "1-0"]
[WhiteElo "2503"]
[BlackElo "2352"]
[PlyCount "69"]
[EventDate "2011.04.16"]
[EventType "team-tourn"]
[EventRounds "7"]
[EventCountry "RUS"]
[SourceTitle "EXT 2020"]
[Source "ChessBase"]
[SourceDate "2019.10.17"]
[SourceVersion "1"]
[SourceVersionDate "2019.10.17"]
[SourceQuality "1"]
[WhiteTeam "SHSM RSCU (W)"]
[BlackTeam "Khanty Mansiysk Yugra (W)"]
[WhiteTeamCountry "RUS"]
[BlackTeamCountry "RUS"]

1. d4 d5 2. Nf3 c6 3. c4 Nf6 4. e3 Bf5 5. Nc3 e6 6. Nh4 Be4 7. f3 Bg6 8. Qb3
Qc7 9. Bd2 Bd6 10. O-O-O dxc4 11. Bxc4 b5 12. Be2 a5 13. e4 a4 14. Qc2 a3 15.
b3 e5 16. d5 b4 17. Na4 O-O 18. Kb1 Rc8 19. Nxg6 hxg6 20. Be3 c5 21. Rc1 Nbd7
22. g4 Be7 23. h4 Ne8 24. Bb5 Ndf6 25. Bc6 Ra5 26. Nxc5 Nd6 27. Qe2 Qd8 28. h5
gxh5 29. g5 Nfe8 30. Rxh5 g6 31. Rh8+ Kxh8 32. Qh2+ Kg8 33. Rh1 Bf6 34. Nd7
Qxd7 35. gxf6 1-0

[Event "RUS-chT (Women) 12th"]
[Site "Olginka"]
[Date "2011.04.21"]
[Round "5"]
[White "Zhukova, Natalia"]
[Black "Kosteniuk, Alexandra"]
[Result "0-1"]
[WhiteElo "2443"]
[BlackElo "2503"]
[PlyCount "140"]
[EventDate "2011.04.16"]
[EventType "team-tourn"]
[EventRounds "7"]
[EventCountry "RUS"]
[SourceTitle "CBM 141 Extra"]
[Source "ChessBase"]
[SourceDate "2011.05.03"]
[SourceVersion "1"]
[SourceVersionDate "2011.05.03"]
[SourceQuality "1"]
[WhiteTeam "Giprorechtrans (W)"]
[BlackTeam "SHSM RSCU (W)"]
[WhiteTeamCountry "RUS"]
[BlackTeamCountry "RUS"]

1. d4 Nf6 2. c4 e6 3. g3 d5 4. Bg2 dxc4 5. Nf3 a6 6. Ne5 Bb4+ 7. Nc3 Nd5 8. Bd2
Nb6 9. Ne4 Be7 10. e3 N8d7 11. f4 O-O 12. Rc1 f5 13. Nf2 Nxe5 14. fxe5 Rb8 15.
O-O Bd7 16. b3 cxb3 17. Qxb3 Na4 18. Nd3 c5 19. Nf4 Kh8 20. Nxe6 Bxe6 21. Qxe6
cxd4 22. Rxf5 Bg5 23. Rxf8+ Qxf8 24. Qb3 b5 25. Kh1 Qf2 26. Qe6 Nc3 27. Bxc3
dxc3 28. Rf1 Qxe3 29. Qd6 Rg8 30. Rf8 Qe1+ 31. Bf1 c2 32. Rxg8+ Kxg8 33. Qe6+
Kf8 34. Qf5+ Ke8 35. Qe6+ Be7 36. Qc8+ Kf7 37. Qf5+ Bf6 38. Qd7+ Kg6 39. Qg4+
Kh6 40. Qh3+ Kg6 41. Qg4+ Kf7 42. Qd7+ Be7 43. Qf5+ Ke8 44. Qc8+ Bd8 45. Qc6+
Kf8 46. Qc5+ Kf7 47. Qd5+ Kg6 48. Qe6+ Kg5 49. h4+ Kh5 50. Qf7+ Kh6 51. Qf4+ g5
52. Qf8+ Kg6 53. Qg8+ Kf5 54. Qxh7+ Kg4 55. Qd7+ Kxg3 56. Qh3+ Kf4 57. Qh2+ Ke3
58. Qh3+ Kd4 59. Qd7+ Kc3 60. Qd3+ Kb2 61. Qb3+ Ka1 62. Qxc2 Qxf1+ 63. Kh2 Qf4+
64. Kg2 Qg4+ 65. Kh2 Qxh4+ 66. Kg2 Qg4+ 67. Kh2 Qh4+ 68. Kg2 Qe1 69. e6 Bb6 70.
a4 g4 0-1

[Event "RUS-chT (Women) 12th"]
[Site "Olginka"]
[Date "2011.04.22"]
[Round "6"]
[White "Kosteniuk, Alexandra"]
[Black "Cmilyte, Viktorija"]
[Result "0-1"]
[WhiteElo "2503"]
[BlackElo "2526"]
[PlyCount "152"]
[EventDate "2011.04.16"]
[EventType "team-tourn"]
[EventRounds "7"]
[EventCountry "RUS"]
[SourceTitle "EXT 2020"]
[Source "ChessBase"]
[SourceDate "2019.10.17"]
[SourceVersion "1"]
[SourceVersionDate "2019.10.17"]
[SourceQuality "1"]
[WhiteTeam "SHSM RSCU (W)"]
[BlackTeam "Sankt Petersburg Chess Federation (W)"]
[WhiteTeamCountry "RUS"]
[BlackTeamCountry "RUS"]

1. e4 c5 2. c3 d5 3. exd5 Qxd5 4. Nf3 g6 5. Na3 Bg7 6. Bc4 Qd8 7. Qb3 e6 8. O-O
Ne7 9. d4 cxd4 10. Nxd4 O-O 11. Bg5 Nbc6 12. Nab5 Nxd4 13. Nxd4 h6 14. Bh4 g5
15. Bg3 e5 16. Nf3 Ng6 17. Rfe1 Qc7 18. h4 g4 19. Nd4 a6 20. Bd3 Nf4 21. Bxf4
exf4 22. Qd5 g3 23. fxg3 fxg3 24. Rf1 Qe7 25. Nf5 Bxf5 26. Qxf5 Rfd8 27. Qh7+
Kf8 28. Bg6 f6 29. Rae1 Qc5+ 30. Kh1 Qc4 31. Be4 Re8 32. Rf4 Rad8 33. Qg6 Re6
34. Ref1 Rdd6 35. Qf5 Qe2 36. c4 h5 37. c5 Rd1 38. Rxd1 Qxd1+ 39. Rf1 Qe2 40.
Bxb7 Qc4 41. Rg1 Re2 42. Qc8+ Kf7 43. Qd7+ Kg6 44. Qh3 Re3 45. Bf3 Qf4 46. c6
f5 47. c7 Re8 48. Bc6 Rc8 49. Bd7 Rxc7 50. Bxf5+ Kh6 51. Bd7 Bf6 52. Ba4 Qxa4
53. Qxg3 Qxh4+ 54. Qxh4 Bxh4 55. g4 Rc2 56. gxh5 Kxh5 57. Rb1 Kg4 58. Kg1 Kh3
59. a3 Rg2+ 60. Kf1 Rf2+ 61. Kg1 Rh2 62. Rd1 Rxb2 63. Rd3+ Bg3 64. Kf1 Ra2 65.
Rb3 a5 66. Rd3 Kg4 67. Rd4+ Kf3 68. Rd3+ Kf4 69. Rc3 Kg4 70. Rc4+ Bf4 71. Rc3
Bd6 72. Rc4+ Kf3 73. Rc3+ Ke4 74. Ke1 Rxa3 75. Rc2 Rd3 76. Ke2 Rd4 0-1

[Event "RUS-ch rapid (Women)"]
[Site "Olginka"]
[Date "2011.04.25"]
[Round "1"]
[White "Kashlinskaya, Alina"]
[Black "Kosteniuk, Alexandra"]
[Result "0-1"]
[WhiteElo "2320"]
[BlackElo "2503"]
[PlyCount "49"]
[EventDate "2011.04.25"]
[EventType "swiss (rapid)"]
[EventRounds "9"]
[EventCountry "RUS"]
[SourceTitle "CBM 141 Extra"]
[Source "ChessBase"]
[SourceDate "2011.05.03"]
[SourceVersion "1"]
[SourceVersionDate "2011.05.03"]
[SourceQuality "1"]

1. d4 Nf6 2. c4 e6 3. Nc3 Bb4 4. e3 O-O 5. Bd3 c5 6. Nf3 d5 7. O-O Nc6 8. a3
Bxc3 9. bxc3 Qc7 10. Bb2 Re8 11. Rc1 dxc4 12. Bxc4 e5 13. Bb5 e4 14. Nd2 Ng4
15. g3 Qd6 16. Be2 Qg6 17. h3 Nxe3 18. fxe3 Qxg3+ 19. Kh1 Qxh3+ 20. Kg1 Re6 21.
Bh5 Qg3+ 22. Kh1 Rh6 23. Nxe4 Qh3+ 24. Kg1 Rxh5 25. Ra1 0-1

[Event "RUS-ch rapid (Women)"]
[Site "Olginka"]
[Date "2011.04.25"]
[Round "2"]
[White "Kosteniuk, Alexandra"]
[Black "Nechaeva, Marina"]
[Result "1-0"]
[WhiteElo "2503"]
[BlackElo "2402"]
[PlyCount "31"]
[EventDate "2011.04.25"]
[EventType "swiss (rapid)"]
[EventRounds "9"]
[EventCountry "RUS"]
[SourceTitle "CBM 141 Extra"]
[Source "ChessBase"]
[SourceDate "2011.05.03"]
[SourceVersion "1"]
[SourceVersionDate "2011.05.03"]
[SourceQuality "1"]

1. e4 c6 2. d4 d5 3. e5 Bf5 4. Nf3 e6 5. Be2 c5 6. Be3 Qb6 7. O-O Nc6 8. c4 Rd8
9. cxd5 Rxd5 10. Nc3 Rd8 11. d5 Nge7 12. d6 Ng6 13. Na4 Qb4 14. a3 Qe4 15. Nxc5
Qc2 16. d7+ 1-0

[Event "RUS-ch rapid (Women)"]
[Site "Olginka"]
[Date "2011.04.25"]
[Round "3"]
[White "Girya, Olga"]
[Black "Kosteniuk, Alexandra"]
[Result "0-1"]
[WhiteElo "2425"]
[BlackElo "2503"]
[PlyCount "97"]
[EventDate "2011.04.25"]
[EventType "swiss (rapid)"]
[EventRounds "9"]
[EventCountry "RUS"]
[SourceTitle "CBM 141 Extra"]
[Source "ChessBase"]
[SourceDate "2011.05.03"]
[SourceVersion "1"]
[SourceVersionDate "2011.05.03"]
[SourceQuality "1"]

1. d4 Nf6 2. Nf3 e6 3. c4 d5 4. Nc3 dxc4 5. Bg5 Bb4 6. e4 c5 7. Bxc4 cxd4 8.
Nxd4 Qa5 9. Bd2 Qc5 10. Bb5+ Bd7 11. Nb3 Qe7 12. Bd3 Nc6 13. O-O Ne5 14. Be2
Rc8 15. a3 Bxc3 16. Bxc3 Ng6 17. Bb4 Qd8 18. Na5 Nxe4 19. Bf3 Nc5 20. Bxb7 Rc7
21. Bf3 Ne5 22. Bxc5 Nxf3+ 23. Qxf3 Rxc5 24. Nb7 Bc6 25. Rfd1 Qc7 26. Nd6+ Qxd6
27. Rxd6 Bxf3 28. gxf3 Ke7 29. Rad1 a5 30. Rd7+ Kf6 31. Rb7 Rf5 32. Kg2 Rc8 33.
Rd4 Rc2 34. h4 g5 35. h5 Rf4 36. Rdd7 Kg7 37. Kg3 a4 38. Re7 Re2 39. Red7 Re1
40. Kg2 Re5 41. Kg3 Ref5 42. Rd3 Rh4 43. Ra7 Rff4 44. Re3 Kf6 45. Ra8 Rxh5 46.
Re4 Rfh4 47. Raxa4 Rh2 48. Red4 Ke5 49. Rd3 0-1

[Event "RUS-ch rapid (Women)"]
[Site "Olginka"]
[Date "2011.04.25"]
[Round "4"]
[White "Kosteniuk, Alexandra"]
[Black "Pogonina, Natalija"]
[Result "1-0"]
[WhiteElo "2503"]
[BlackElo "2446"]
[PlyCount "59"]
[EventDate "2011.04.25"]
[EventType "swiss (rapid)"]
[EventRounds "9"]
[EventCountry "RUS"]
[SourceTitle "CBM 141 Extra"]
[Source "ChessBase"]
[SourceDate "2011.05.03"]
[SourceVersion "1"]
[SourceVersionDate "2011.05.03"]
[SourceQuality "1"]

1. e4 e5 2. Nf3 Nc6 3. Bb5 a6 4. Ba4 Nf6 5. O-O b5 6. Bb3 Bb7 7. d3 Be7 8. a4
O-O 9. Re1 h6 10. Nbd2 Re8 11. Nf1 Bf8 12. Ne3 Na5 13. Ba2 c5 14. Nf5 c4 15.
dxc4 bxc4 16. Ng3 Rc8 17. Bd2 d5 18. exd5 Qxd5 19. Bc3 e4 20. Nh4 Qg5 21. Nhf5
Nc6 22. Bxc4 Ne5 23. h4 Qg4 24. Be2 Nf3+ 25. gxf3 exf3 26. Bf1 Rcd8 27. Rxe8
Rxd1 28. Rxf8+ Kxf8 29. Rxd1 Qxa4 30. Bxf6 1-0

[Event "RUS-ch rapid (Women)"]
[Site "Olginka"]
[Date "2011.04.25"]
[Round "5"]
[White "Gunina, Valentina"]
[Black "Kosteniuk, Alexandra"]
[Result "1-0"]
[WhiteElo "2472"]
[BlackElo "2503"]
[PlyCount "73"]
[EventDate "2011.04.25"]
[EventType "swiss (rapid)"]
[EventRounds "9"]
[EventCountry "RUS"]
[SourceTitle "CBM 141 Extra"]
[Source "ChessBase"]
[SourceDate "2011.05.03"]
[SourceVersion "1"]
[SourceVersionDate "2011.05.03"]
[SourceQuality "1"]

1. d4 Nf6 2. Nf3 e6 3. c4 b6 4. g3 Bb7 5. Bg2 Be7 6. O-O O-O 7. Qc2 Na6 8. Nc3
c5 9. Rd1 cxd4 10. Nxd4 Bxg2 11. Kxg2 Rc8 12. b3 d5 13. Bb2 Qd7 14. Nf3 Qb7 15.
cxd5 Nxd5 16. Qe4 Nc5 17. Qg4 f5 18. Qh5 Nf6 19. Qh3 g5 20. Qh6 g4 21. Nb5
gxf3+ 22. exf3 Rcd8 23. Rxd8 Bxd8 24. Rd1 Qg7 25. Qe3 Nd5 26. Rxd5 Qxb2 27.
Rxd8 a6 28. Qg5+ Qg7 29. Rxf8+ Kxf8 30. Qd8+ Kf7 31. Nd6+ Kg6 32. Qxb6 Qe5 33.
Qd8 Qd5 34. h4 h6 35. Qe7 e5 36. Nxf5 e4 37. h5+ 1-0